Culture Générale - Série 1118 - Statistiques

Statistiques générales
  • Ce quiz a été pris 101 fois
  • Le résultat moyen est 5 sur 10
Statistiques - réponses
Question Réponse % Correct
Dans la série "Un gars, une fille", les deux personnages se donnent les petits noms de Chouchou et... Loulou
92%
Combien de Muses la mythologie grecque compte-t-elle ? 9
84%
Quel était la nationalité du navigateur Marco Polo ? italienne
82%
Quel mot inspiré du nom d'une partie de la Grande-Bretagne qualifie une douche, alternativement chaude et froide ? écossaise
68%
Quel philosophe grec a la réputation d'avoir vécu dans un tonneau ? Diogène
53%
Quel fromage a été inventé,selon la légende, par Marie Harel ? camembert
52%
Quel objet taché de sang révéla à Barbe-Bleue la désobéissance de sa femme, dans le conte de Charles Perrault ? clé
40%
Quel film de Oliver Stone consacré à la guerre du Vietnam a reçu quatre Oscars en 1987 ? Platoon
23%
A quel archipel les îles Praslin, Silhouette et La Digue appartiennent-elles ? Seychelles
10%
À quel groupe antillais doit-on les tubes "Saké Cho" et "DJ" dans les années 1990 ? Zouk Machine
7%
Aucun quiz correspondant
Distribution des résultats
% des personnes avec chaque résultat
Percentile par nombre de réponses
Votre historique - résultats
Vous n’avez pas pris ce quiz